| 000 | 00546nam a2200181Ia 4500 | ||
|---|---|---|---|
| 008 | 100921s9999 xx 000 0 und d | ||
| 082 |
_b19823 _a891.463 0 |
||
| 100 | _aवाळिंबे शरदचंद्र. | ||
| 245 | _aबदला. | ||
| 260 |
_bमनमोहिनी प्रकाशन,पुणे. _c0 |
||
| 300 |
_a184 _b--- |
||
| 365 | _b40 | ||
| 520 | _aललित-कादंबरी. | ||
| 630 | _aबदला. | ||
| 650 | _aललित-कादंबरी. | ||
| 730 | _aबदला. | ||
| 942 | _cBOOK | ||
| 999 |
_c768936 _d768933 |
||